2920-神戸市北区(兵庫県)の駅 - Statistics

General Stats
  • This quiz has been taken 19 times
    15 since last reset
  • The average score is 19 of 21
Answer Stats
Answer % Correct
鈴蘭台
100%
谷上
100%
有馬口
100%
有馬温泉
100%
鈴蘭台西口
100%
西鈴蘭台
100%
北鈴蘭台
91%
山の街
91%
花山
91%
唐櫃台
91%
岡場
91%
田尾寺
91%
道場南口
91%
神鉄道場
91%
道場
91%
箕谷
82%
大池
82%
神鉄六甲
82%
五社
82%
二郎
82%
藍那
73%
No matching quizzes found
Score Distribution
Percent of People with Each Score
Percentile by Number Answered
Your Score History
You have not taken this quiz since the last reset